000
00209 a2200097 4500
001
10878
100
_a
Hall, C.
245
_a
Theories of Personality
260
_a
_b
John Wiley & Sons
_c
090
_c
8452
_d
8452
942
_a
NUST-CAE
_c
M
_c
35214
999
_c
245951
_d
245951